[Event "CZE-chT1W 1617"]
[Site "Czech Republic"]
[Date "2016.12.04"]
[Round "4.2"]
[White "Cuhra, Martin"]
[Black "Prymula, Roman"]
[Result "1-0"]
[WhiteElo "2180"]
[BlackElo "2256"]
[PlyCount "139"]
[EventDate "2016.10.16"]
[EventType "team-tourn"]
[EventRounds "11"]
[EventCountry "CZE"]
[SourceTitle "CBM 177 Extra"]
[Source "ChessBase"]
[SourceDate "2017.04.27"]
[SourceVersion "1"]
[SourceVersionDate "2017.04.27"]
[SourceQuality "1"]
[WhiteTeam "Ceske Budejovice"]
[BlackTeam "Hradec Kralove Slavia"]
[WhiteTeamCountry "CZE"]
[BlackTeamCountry "CZE"]

1. e4 c5 2. Nf3 Nc6 3. Bb5 g6 4. 0-0 Bg7 5. Bxc6 dxc6 6. h3 e5 7. d3 Ne7 8. Be3 b6 9. a4 a5 10. Nbd2 f6 11. Nc4 Be6 12. Nfd2 g5 13. b4 axb4 14. a5 Nc8 15. axb6 Rxa1 16. Qxa1 Nxb6 17. Qa7 Nxc4 18. Nxc4 0-0 19. Qxc5 Qc7 20. Ra1 Rb8 21. Ra7 Rb7 22. Ra8+ Rb8 23. Rxb8+ Qxb8 24. Qxc6 Qc8 25. Qxc8+ Bxc8 26. Kf1 Bf8 27. Ke1 Kf7 28. Kd1 h5 29. Kc1 Bd7 30. Kb2 h4 31. f3 Ba4 32. Nb6 Bc6 33. Kb3 Ke6 34. Bd2 Be7 35. Bxb4 Bd8 36. Nc4 f5 37. Bc3 Bf6 38. Ne3 fxe4 39. fxe4 Be7 40. Ng4 Bf6 41. Ba5 Bd7 42. Bc7 Bc8 43. Kc3 Bd7 44. Kd2 Ba4 45. c3 Bb3 46. Ke3 Bd1 47. d4 exd4+ 48. cxd4 Be7 49. Ba5 Bb3 50. Bc3 Ba3 51. d5+ Kd6 52. Kd3 Ba2 53. Kc2 Bc4 54. Bf6 Bc5 55. Kd2 Bf1 56. Ne3 Bxe3+ 57. Kxe3 Bxg2 58. Bxg5 Ke5 59. Bf4+ Kf6 60. Bc7 Ke7 61. Ba5 Bxh3 62. Be1 Bg2 63. Bxh4+ Kd6 64. Kd4 Bh3 65. Be1 Bg4 66. Bb4+ Kd7 67. e5 Bh3 68. Ba3 Bf5 69. Ke3 Bb1 70. e6+ 1-0

[Event "Pardubice Czech op-A 27th"]
[Site "Pardubice"]
[Date "2016.07.26"]
[Round "5"]
[White "Prymula, Roman"]
[Black "Lugovskoy, Maxim"]
[Result "0-1"]
[WhiteElo "2263"]
[BlackElo "2458"]
[PlyCount "60"]
[EventDate "2016.07.22"]
[EventType "swiss"]
[EventRounds "9"]
[EventCountry "CZE"]
[SourceTitle "CBM 173 Extra"]
[Source "ChessBase"]
[SourceDate "2016.08.29"]
[SourceVersion "1"]
[SourceVersionDate "2016.08.29"]
[SourceQuality "1"]

1. d4 d5 2. Nf3 Nf6 3. Bf4 c5 4. e3 Nc6 5. c3 Qb6 6. Qb3 c4 7. Qxb6 axb6 8. Be2 b5 9. 0-0 b4 10. cxb4 Nxb4 11. Nc3 Bf5 12. Ne5 h6 13. a3 Nc6 14. Nb5 Rc8 15. f3 g5 16. Bg3 Bg7 17. e4 dxe4 18. Nxc4 0-0 19. Nb6 Rcd8 20. Bc7 Nxd4 21. Bxd8 Nxe2+ 22. Kf2 Rxd8 23. Rad1 Rxd1 24. Rxd1 Nf4 25. Rd8+ Kh7 26. Rb8 Nd3+ 27. Ke3 Nf4 28. Rxb7 Nxg2+ 29. Kf2 exf3 30. Rxe7 Nh4 0-1

[Event "CZE-chT2D 1516"]
[Site "Czech Republic"]
[Date "2016.02.21"]
[Round "8.3"]
[White "Prymula, Roman"]
[Black "Beil, Zdenek"]
[Result "1/2-1/2"]
[WhiteElo "2263"]
[BlackElo "2215"]
[PlyCount "131"]
[EventDate "2015.10.18"]
[EventType "team-tourn"]
[EventRounds "11"]
[EventCountry "CZE"]
[SourceTitle "EXT 2022"]
[Source "ChessBase"]
[SourceDate "2021.10.06"]
[SourceVersion "1"]
[SourceVersionDate "2021.10.06"]
[SourceQuality "1"]
[WhiteTeam "Hradec Kralove II"]
[BlackTeam "Litovel Tatran II"]
[WhiteTeamCountry "CZE"]
[BlackTeamCountry "CZE"]

1. d4 Nf6 2. c3 g6 3. Bg5 Bg7 4. Nd2 d5 5. e3 0-0 6. f4 b6 7. Ngf3 c5 8. Ne5 Ne8 9. Bh4 f6 10. Nef3 Nd6 11. Bd3 Nc6 12. 0-0 Bf5 13. Be2 Kh8 14. h3 Qd7 15. Nh2 e5 16. Nb3 cxd4 17. cxd4 exf4 18. exf4 Nb4 19. Qd2 a5 20. a3 Nc2 21. Rac1 Rac8 22. Bd3 Qa4 23. Rxc2 Qxb3 24. Bxf5 Nxf5 25. Rxc8 Rxc8 26. Rc1 Rxc1+ 27. Qxc1 Qe3+ 28. Qxe3 Nxe3 29. Nf3 Nc4 30. b3 Nxa3 31. Kf2 Kg8 32. Ke3 Kf7 33. f5 Bh6+ 34. Kd3 gxf5 35. Ng1 Nb5 36. Ne2 f4 37. Be1 Nc7 38. Bd2 Ne6 39. Nc3 Nc7 40. Ne2 Ne6 41. Nc3 Bg5 42. Nxd5 f3 43. Bxg5 f2 44. Ke2 Nxd4+ 45. Kxf2 fxg5 46. Nxb6 Nxb3 47. Ke3 Ke6 48. g4 h6 49. Ke4 Nc5+ 50. Kd4 a4 51. Nc4 Nd7 52. Ne3 a3 53. Kc3 Ke5 54. Ng2 Nc5 55. h4 Ke4 56. hxg5 hxg5 57. Ne1 a2 58. Nc2 Nd3 59. Kb3 Ne5 60. Kxa2 Nxg4 61. Kb2 Nf2 62. Kc3 g4 63. Kd2 g3 64. Ke2 Nh3 65. Kf1 Nf4 66. Ne1 1/2-1/2

[Event "CZE-chT1W 1516"]
[Site "Czech Republic"]
[Date "2016.02.14"]
[Round "8.7"]
[White "Janda, Jiri"]
[Black "Prymula, Roman"]
[Result "0-1"]
[WhiteElo "2214"]
[BlackElo "2266"]
[PlyCount "98"]
[EventDate "2015.10.11"]
[EventType "team-tourn"]
[EventRounds "11"]
[EventCountry "CZE"]
[SourceTitle "CBM 170 Extra"]
[Source "ChessBase"]
[SourceDate "2016.02.25"]
[SourceVersion "1"]
[SourceVersionDate "2016.02.25"]
[SourceQuality "1"]
[WhiteTeam "Praha Kobylisy"]
[BlackTeam "Hradec Kralove"]
[WhiteTeamCountry "CZE"]
[BlackTeamCountry "CZE"]

1. e4 c5 2. Nc3 Nc6 3. f4 g6 4. Nf3 Bg7 5. Bb5 e6 6. Bxc6 bxc6 7. e5 d5 8. exd6 Qxd6 9. d3 c4 10. d4 Nf6 11. 0-0 0-0 12. Na4 Ne4 13. Be3 Ba6 14. c3 Rfd8 15. Qc2 Qd5 16. Rad1 Bb5 17. Nc5 Nxc5 18. dxc5 Qf5 19. Qxf5 gxf5 20. Ne5 Rd5 21. Bd4 f6 22. Nf3 Rad8 23. Rde1 Kf7 24. Rf2 Re8 25. Rfe2 Bf8 26. g3 Ba6 27. Kg2 Bxc5 28. Bxc5 Rxc5 29. Nd4 Bc8 30. Nf3 Rd5 31. Nd2 Ba6 32. Nf3 c5 33. Kf2 Rd6 34. h3 Red8 35. g4 fxg4 36. hxg4 Bb7 37. g5 Rd3 38. Re3 Rxe3 39. Rxe3 Bxf3 40. Rxf3 Rd2+ 41. Kg3 Rd3 42. Rxd3 cxd3 43. Kf3 e5 44. fxe5 fxe5 45. b4 e4+ 46. Ke3 cxb4 47. cxb4 Ke6 48. b5 Kd6 49. a4 Kc5 0-1

[Event "CZE-chT1W 1516"]
[Site "Czech Republic"]
[Date "2016.01.17"]
[Round "6.6"]
[White "Prymula, Roman"]
[Black "Vokoun, Jan"]
[Result "1-0"]
[WhiteElo "2266"]
[BlackElo "2117"]
[PlyCount "65"]
[EventDate "2015.10.11"]
[EventType "team-tourn"]
[EventRounds "11"]
[EventCountry "CZE"]
[SourceTitle "CBM 170 Extra"]
[Source "ChessBase"]
[SourceDate "2016.02.25"]
[SourceVersion "1"]
[SourceVersionDate "2016.02.25"]
[SourceQuality "1"]
[WhiteTeam "Hradec Kralove"]
[BlackTeam "Praha Pankrac"]
[WhiteTeamCountry "CZE"]
[BlackTeamCountry "CZE"]

1. d4 b6 2. Bg5 h6 3. Bh4 Bb7 4. Nd2 c5 5. c3 g6 6. f4 cxd4 7. cxd4 Bg7 8. Ngf3 Nf6 9. e3 0-0 10. a3 d6 11. Bd3 Nbd7 12. 0-0 Rc8 13. Qe2 Qc7 14. e4 e6 15. h3 Nh5 16. Qe3 e5 17. fxe5 dxe5 18. d5 Qc5 19. Rfe1 Qxe3+ 20. Rxe3 Bf6 21. Bxf6 Nhxf6 22. Nc4 Rc7 23. Nd6 Nc5 24. Nxe5 Nxd3 25. Nxd3 Ba8 26. Rf1 Ne8 27. Nb5 Re7 28. d6 Rxe4 29. Rxe4 Bxe4 30. Ne5 f6 31. d7 Ng7 32. Rxf6 Rd8 33. Nxa7 1-0

[Event "CZE-chT1W 1516"]
[Site "Czech Republic"]
[Date "2015.11.29"]
[Round "4.6"]
[White "Jacek, Martin"]
[Black "Prymula, Roman"]
[Result "0-1"]
[WhiteElo "2148"]
[BlackElo "2266"]
[PlyCount "118"]
[EventDate "2015.10.11"]
[EventType "team-tourn"]
[EventRounds "11"]
[EventCountry "CZE"]
[SourceTitle "EXT 2017"]
[Source "ChessBase"]
[SourceDate "2016.10.25"]
[SourceVersion "1"]
[SourceVersionDate "2016.10.25"]
[SourceQuality "1"]
[WhiteTeam "Praha Vysehrad"]
[BlackTeam "Hradec Kralove"]
[WhiteTeamCountry "CZE"]
[BlackTeamCountry "CZE"]

1. e4 c5 2. Nf3 Nc6 3. c3 g6 4. d4 cxd4 5. cxd4 Bg7 6. Be2 d6 7. 0-0 Nf6 8. Nc3 0-0 9. h3 Bd7 10. Be3 a6 11. d5 Ne5 12. Nd2 Be8 13. f4 Ned7 14. a4 b6 15. Bd4 h6 16. Nf3 Nc5 17. Bxc5 bxc5 18. Nd2 Nd7 19. a5 Rb8 20. Qc2 Qc7 21. Nc4 Rb7 22. Na4 Nb8 23. Nab6 Bb5 24. Ra3 Rd8 25. Rg3 Nd7 26. Nxd7 Bxc4 27. Nb6 Bxe2 28. Qxe2 Rxb6 29. axb6 Qxb6 30. f5 g5 31. h4 Qxb2 32. Qxa6 Qd4+ 33. Kh1 Qxe4 34. hxg5 hxg5 35. Qa5 Rb8 36. Qd2 Qh4+ 37. Rh3 Qg4 38. f6 exf6 39. Qc2 f5 40. Qxf5 Qxf5 41. Rxf5 Rb1+ 42. Kh2 Be5+ 43. g3 Rb2+ 44. Kg1 f6 45. Kf1 Rd2 46. Rf2 Rxd5 47. Ra2 Kf7 48. Ke2 Rd4 49. Ke3 Rb4 50. Ra3 Ke6 51. Kf2 c4 52. Ke2 Rb2+ 53. Kd1 Rg2 54. Re3 Kf5 55. Re2 Rg1+ 56. Kc2 Kg4 57. Rh7 Kf3 58. Rd2 Kxg3 59. Rhh2 d5 0-1

[Event "CZE-chT1W 1415"]
[Site "Czech Republic"]
[Date "2014.11.11"]
[Round "2.4"]
[White "Prymula, Roman"]
[Black "Hinks Edwards, Thomas RJ"]
[Result "1/2-1/2"]
[WhiteElo "2265"]
[BlackElo "2370"]
[PlyCount "32"]
[EventDate "2014.10.19"]
[EventType "team-tourn"]
[EventRounds "11"]
[EventCountry "CZE"]
[SourceTitle "EXT 2015"]
[Source "ChessBase"]
[SourceDate "2014.11.20"]
[SourceVersion "1"]
[SourceVersionDate "2014.11.20"]
[SourceQuality "1"]
[WhiteTeam "Hradec Kralove"]
[BlackTeam "Jicin"]
[WhiteTeamCountry "CZE"]
[BlackTeamCountry "CZE"]

1. d4 Nf6 2. Nf3 e6 3. c3 b6 4. Bg5 Bb7 5. Nbd2 Be7 6. e3 c5 7. Bd3 cxd4 8. cxd4 Nc6 9. 0-0 Nb4 10. Be2 Nfd5 11. Bxe7 Qxe7 12. a3 Nc6 13. Rc1 0-0 14. Bc4 Nf6 15. Qe2 Rfc8 16. Ba6 d6 1/2-1/2

[Event "CZE-chT1W 1415"]
[Site "Czech Republic"]
[Date "2014.10.19"]
[Round "1.2"]
[White "Vojta, Tomas"]
[Black "Prymula, Roman"]
[Result "1-0"]
[WhiteElo "2373"]
[BlackElo "2265"]
[PlyCount "47"]
[EventDate "2014.10.19"]
[EventType "team-tourn"]
[EventRounds "11"]
[EventCountry "CZE"]
[SourceTitle "EXT 2015"]
[Source "ChessBase"]
[SourceDate "2014.11.20"]
[SourceVersion "1"]
[SourceVersionDate "2014.11.20"]
[SourceQuality "1"]
[WhiteTeam "Vlasim"]
[BlackTeam "Hradec Kralove"]
[WhiteTeamCountry "CZE"]
[BlackTeamCountry "CZE"]

1. e4 c5 2. f4 Nc6 3. Nf3 g6 4. Bb5 Bg7 5. 0-0 Nd4 6. Nxd4 cxd4 7. d3 a6 8. Ba4 e6 9. Qf3 Qa5 10. Bb3 Ne7 11. Bd2 Qc5 12. a4 0-0 13. a5 f5 14. e5 Nc6 15. Ra4 b5 16. axb6 Bb7 17. Na3 Rab8 18. Qf2 Qxb6 19. Nc4 Qc7 20. Na5 Nxa5 21. Bxa5 Qc6 22. Rxd4 Rf7 23. Rc4 Qb5 24. Rc5 1-0

[Event "CZE-chT1W 1314"]
[Site "Czech Republic"]
[Date "2014.01.26"]
[Round "6.6"]
[White "Prymula, Roman"]
[Black "Vokoun, Jan"]
[Result "1/2-1/2"]
[WhiteElo "2273"]
[BlackElo "2158"]
[PlyCount "80"]
[EventDate "2013.10.20"]
[EventType "team-tourn"]
[EventRounds "11"]
[EventCountry "CZE"]
[SourceTitle "EXT 2015"]
[Source "ChessBase"]
[SourceDate "2014.11.20"]
[SourceVersion "1"]
[SourceVersionDate "2014.11.20"]
[SourceQuality "1"]
[WhiteTeam "Hradec Kralove"]
[BlackTeam "Pankrac"]
[WhiteTeamCountry "CZE"]
[BlackTeamCountry "CZE"]

1. d4 g6 2. e4 Bg7 3. c3 d5 4. Nd2 a6 5. Ngf3 b6 6. Bd3 Bb7 7. Qe2 dxe4 8. Nxe4 Nd7 9. 0-0 Ngf6 10. Nxf6+ Nxf6 11. Re1 e6 12. Bg5 0-0 13. Rad1 Qc8 14. Ne5 Re8 15. h4 Nd5 16. Bc1 Qd8 17. Qg4 Nf6 18. Qh3 Qe7 19. Bg5 h6 20. Bc1 c5 21. g4 cxd4 22. cxd4 Nd7 23. h5 g5 24. f4 gxf4 25. Bxf4 Nxe5 26. Bxe5 Rad8 27. Bb1 Bxe5 28. Rxe5 Rd5 29. Rde1 Rxe5 30. Rxe5 Rd8 31. Qd3 Qf6 32. g5 hxg5 33. Qe3 Rd5 34. Be4 Rxe5 35. dxe5 Qe7 36. Bxb7 Qxb7 37. Qxg5+ Kf8 38. h6 Qd5 39. Qg7+ Ke7 40. h7 Qd1+ 1/2-1/2

[Event "CZE-chT1W 1314"]
[Site "Czech Republic"]
[Date "2013.11.24"]
[Round "3.4"]
[White "Suran, Jan"]
[Black "Prymula, Roman"]
[Result "1-0"]
[WhiteElo "2355"]
[BlackElo "2273"]
[PlyCount "65"]
[EventDate "2013.10.20"]
[EventType "team-tourn"]
[EventRounds "11"]
[EventCountry "CZE"]
[SourceTitle "EXT 2015"]
[Source "ChessBase"]
[SourceDate "2014.11.20"]
[SourceVersion "1"]
[SourceVersionDate "2014.11.20"]
[SourceQuality "1"]
[WhiteTeam "Lysa nad Labem II"]
[BlackTeam "Hradec Kralove"]
[WhiteTeamCountry "CZE"]
[BlackTeamCountry "CZE"]

1. e4 c5 2. Nf3 Nc6 3. Nc3 d6 4. d4 cxd4 5. Nxd4 e5 6. Nf5 Nf6 7. Bg5 h6 8. Bxf6 Qxf6 9. Nd5 Qd8 10. c3 g6 11. Nfe3 Bg7 12. Bc4 0-0 13. 0-0 Be6 14. a4 Qd7 15. a5 Ne7 16. Qa4 Nxd5 17. Bxd5 Rab8 18. Bxe6 Qxe6 19. Nd5 f5 20. f3 Rf7 21. Qb5 Rbf8 22. a6 bxa6 23. Qxa6 h5 24. Qd3 fxe4 25. fxe4 Rxf1+ 26. Rxf1 Rxf1+ 27. Kxf1 Kh8 28. h3 Qd7 29. Qc4 Qd8 30. Qe2 Qg5 31. Qe3 Qh4 32. Qxa7 Qxe4 33. Qa8+ 1-0

[Event "CZE-chT1W 1314"]
[Site "Czech Republic"]
[Date "2013.10.20"]
[Round "1.6"]
[White "Hrdina, Robin"]
[Black "Prymula, Roman"]
[Result "0-1"]
[WhiteElo "2080"]
[BlackElo "2273"]
[PlyCount "66"]
[EventDate "2013.10.20"]
[EventType "team-tourn"]
[EventRounds "11"]
[EventCountry "CZE"]
[SourceTitle "EXT 2014"]
[Source "ChessBase"]
[SourceDate "2013.11.20"]
[SourceVersion "1"]
[SourceVersionDate "2013.11.20"]
[SourceQuality "1"]
[WhiteTeam "Praha Holdia II"]
[BlackTeam "Hradec Kralove"]
[WhiteTeamCountry "CZE"]
[BlackTeamCountry "CZE"]

1. e4 c5 2. Nf3 Nc6 3. d4 cxd4 4. Nxd4 e5 5. Nb5 d6 6. N1c3 a6 7. Na3 Be6 8. Nc4 Be7 9. Ne3 Nf6 10. g3 Rc8 11. Bg2 Nd4 12. 0-0 h5 13. h3 Qd7 14. Kh2 g5 15. Ne2 Ng4+ 16. Nxg4 Bxg4 17. f3 Nxe2 18. Qxe2 Be6 19. Rd1 Qc6 20. c3 f6 21. f4 h4 22. f5 hxg3+ 23. Kxg3 Bc4 24. Qf3 Rh4 25. Be3 Kd7 26. Rd2 Rg8 27. Kf2 Bf7 28. Kg1 Kc8 29. Bf2 Rh7 30. Bg3 g4 31. hxg4 Rhg7 32. b3 Rxg4 33. Bh2 Qxe4 0-1

[Event "CZE-chT1W 1213"]
[Site "Czech Republic"]
[Date "2013.01.13"]
[Round "5.5"]
[White "Prymula, Roman"]
[Black "Bednar, Marcel"]
[Result "1/2-1/2"]
[WhiteElo "2263"]
[BlackElo "2270"]
[PlyCount "102"]
[EventDate "2012.10.28"]
[EventType "team-tourn"]
[EventRounds "11"]
[EventCountry "CZE"]
[SourceTitle "EXT 2014"]
[Source "ChessBase"]
[SourceDate "2013.11.20"]
[SourceVersion "1"]
[SourceVersionDate "2013.11.20"]
[SourceQuality "1"]
[WhiteTeam "Hradec Kralove"]
[BlackTeam "Praha Holdia II"]
[WhiteTeamCountry "CZE"]
[BlackTeamCountry "CZE"]

1. d4 Nf6 2. c3 g6 3. f4 Bg7 4. Nf3 0-0 5. e3 d6 6. Bd3 Nbd7 7. e4 e5 8. 0-0 Qe7 9. Qe2 Re8 10. Re1 b6 11. b3 Bb7 12. fxe5 dxe5 13. Ba3 c5 14. d5 a6 15. c4 Nh5 16. Nc3 Rf8 17. Rad1 Rae8 18. Bc1 Qd6 19. Nh4 Bc8 20. g3 Ndf6 21. Qg2 Bd7 22. Ne2 Qb8 23. h3 h6 24. Rf1 Qc8 25. Kh2 Nh7 26. Rf2 Qd8 27. Rdf1 Nf4 28. gxf4 Qxh4 29. Qg3 Qh5 30. f5 Bf6 31. Qg4 Qxg4 32. hxg4 Bg5 33. Kg3 Bxc1 34. Rxc1 Kg7 35. Rh1 Rh8 36. f6+ Kf8 37. Rxh6 Bxg4 38. Kxg4 Nxf6+ 39. Rxf6 Rxh6 40. Rxb6 f5+ 41. Kg5 Rh3 42. Bc2 Re3 43. b4 Rxe2 44. Ba4 Rd8 45. bxc5 Rxe4 46. Rf6+ Kg7 47. Rxg6+ Kh7 48. Rh6+ Kg7 49. Rg6+ Kh7 50. Rc6 Rf8 51. Rh6+ Kg7 1/2-1/2

[Event "CZE-chT1W 1112"]
[Site "Czech Republic"]
[Date "2012.02.12"]
[Round "8.7"]
[White "Prymula, Roman"]
[Black "Novotny, Jaroslav"]
[Result "1-0"]
[WhiteElo "2255"]
[BlackElo "2173"]
[PlyCount "81"]
[EventDate "2011.10.02"]
[EventType "team-tourn"]
[EventRounds "11"]
[EventCountry "CZE"]
[SourceTitle "EXT 2013"]
[Source "ChessBase"]
[SourceDate "2012.11.22"]
[SourceVersion "1"]
[SourceVersionDate "2012.11.22"]
[SourceQuality "1"]
[WhiteTeam "Hradec Kralove"]
[BlackTeam "Jicin"]
[WhiteTeamCountry "CZE"]
[BlackTeamCountry "CZE"]

1. d4 d5 2. Bg5 h6 3. Bh4 c6 4. c3 Bf5 5. e3 Qb6 6. Qb3 Nd7 7. Nd2 e6 8. f3 Be7 9. Bxe7 Nxe7 10. e4 Bh7 11. Nh3 0-0 12. Nf2 e5 13. Qxb6 axb6 14. dxe5 Nxe5 15. f4 dxe4 16. Ndxe4 Nd7 17. 0-0-0 Nc5 18. Nxc5 bxc5 19. Rd7 Rxa2 20. Bc4 Ra1+ 21. Kd2 Rxh1 22. Nxh1 Nd5 23. Bxd5 cxd5 24. Nf2 Rc8 25. Rxd5 Kf8 26. f5 Ke7 27. Ne4 b6 28. Ke3 Rd8 29. f6+ gxf6 30. Rxd8 Kxd8 31. Nxf6 Bc2 32. Kf4 Kc7 33. Ng8 h5 34. Kg5 Bd1 35. Nf6 Kd6 36. h4 b5 37. Nxh5 Kd5 38. Nf6+ Kc4 39. Nd7 b4 40. h5 Ba4 41. Nb6+ 1-0

[Event "CZE-chT1W 1112"]
[Site "Czech Republic"]
[Date "2012.01.29"]
[Round "7.6"]
[White "Prymula, Roman"]
[Black "Pesout, Jan"]
[Result "1-0"]
[WhiteElo "2255"]
[BlackElo "2249"]
[PlyCount "79"]
[EventDate "2011.10.02"]
[EventType "team-tourn"]
[EventRounds "11"]
[EventCountry "CZE"]
[SourceTitle "EXT 2013"]
[Source "ChessBase"]
[SourceDate "2012.11.22"]
[SourceVersion "1"]
[SourceVersionDate "2012.11.22"]
[SourceQuality "1"]
[WhiteTeam "Hradec Kralove"]
[BlackTeam "Pankrac"]
[WhiteTeamCountry "CZE"]
[BlackTeamCountry "CZE"]

1. d4 Nf6 2. Bg5 g6 3. Nd2 d5 4. c3 Bg7 5. e3 0-0 6. Bd3 b6 7. Qe2 Bb7 8. f4 Ne4 9. Bh4 Nd7 10. Nh3 Ndf6 11. Bxf6 Nxf6 12. Nf2 e6 13. g4 Nd7 14. h4 f5 15. g5 c5 16. h5 Re8 17. Bb5 a6 18. Bxd7 Qxd7 19. Nf3 c4 20. Nh3 Qe7 21. 0-0-0 Kf7 22. Ne5+ Bxe5 23. fxe5 Rg8 24. Nf4 Rg7 25. Rdg1 Ke8 26. hxg6 hxg6 27. Rh6 Qf7 28. Rgh1 Kd7 29. Qg2 Rag8 30. Rh8 Bc6 31. R1h6 Rxh8 32. Rxh8 Rh7 33. Rxh7 Qxh7 34. Qh3 Qxh3 35. Nxh3 Ke7 36. Nf4 Be8 37. b3 b5 38. Kb2 Kf7 39. a4 cxb3 40. a5 1-0

[Event "CZE-chT rap"]
[Site "Pardubice"]
[Date "2011.07.17"]
[Round "7"]
[White "Rozic, Adrijan"]
[Black "Prymula, Roman"]
[Result "1/2-1/2"]
[WhiteElo "2127"]
[BlackElo "2272"]
[PlyCount "129"]
[EventDate "2011.07.14"]
[EventType "team-swiss"]
[EventRounds "7"]
[EventCountry "CZE"]
[SourceTitle "CBM 143 Extra"]
[Source "ChessBase"]
[SourceDate "2011.08.29"]
[SourceVersion "1"]
[SourceVersionDate "2011.08.29"]
[SourceQuality "1"]

1. d4 d5 2. Nf3 c6 3. c4 e6 4. Nc3 f5 5. b3 Nf6 6. Bb2 Ne4 7. e3 Bb4 8. Qc2 Qa5 9. Rc1 Qxa2 10. Bd3 Bxc3+ 11. Bxc3 Qxc2 12. Rxc2 Nxc3 13. Rxc3 0-0 14. 0-0 Nd7 15. c5 a6 16. Ra1 h6 17. b4 Rb8 18. h4 Kf7 19. g3 Kf6 20. Kg2 Re8 21. Ng1 e5 22. f4 exd4 23. exd4 Nf8 24. Nf3 Re7 25. Kf2 Bd7 26. Ne5 Be8 27. Be2 Ne6 28. Ke3 g5 29. hxg5+ hxg5 30. Rh1 Rg7 31. Rh6+ Ke7 32. Rh3 gxf4+ 33. gxf4 Bd7 34. Rc1 Rbg8 35. Rch1 Nf8 36. Rh8 Rg3+ 37. Bf3 Be6 38. Rxg8 Bxg8 39. Rh5 Be6 40. Kf2 Rg7 41. Rh2 Rh7 42. Rg2 Kf6 43. Ke3 Rh1 44. Rg6+ Nxg6 45. Bxh1 Ne7 46. Bf3 Bf7 47. Be2 Be8 48. Nd3 Ke6 49. Nc1 Ng8 50. Nb3 Kd7 51. Na5 Kc7 52. Bd3 Bd7 53. Nb3 Nf6 54. Nd2 Be6 55. Nf3 Ne4 56. Ne5 Nc3 57. Bc2 b6 58. Nd3 Kb7 59. cxb6 Kxb6 60. Nc5 Bc8 61. Na4+ Nxa4 62. Bxa4 Bd7 63. Kd3 a5 64. Kc3 Ka6 65. Bc2 1/2-1/2

[Event "CZE-chT1W 0910"]
[Site "Czech Republic"]
[Date "2010.01.10"]
[Round "6.6"]
[White "Prymula, Roman"]
[Black "Adamek, Zdenek"]
[Result "0-1"]
[WhiteElo "2303"]
[BlackElo "2195"]
[PlyCount "92"]
[EventDate "2009.10.11"]
[EventType "team-tourn"]
[EventRounds "11"]
[EventCountry "CZE"]
[SourceTitle "EXT 2011"]
[Source "ChessBase"]
[SourceDate "2010.11.26"]
[SourceVersion "1"]
[SourceVersionDate "2010.11.26"]
[SourceQuality "1"]
[WhiteTeam "Hradec Kralove"]
[BlackTeam "Holdia"]
[WhiteTeamCountry "CZE"]
[BlackTeamCountry "CZE"]

1. d4 Nf6 2. Nf3 g6 3. Bg5 Bg7 4. Nbd2 c5 5. e3 d5 6. c3 Nbd7 7. Bd3 0-0 8. Qe2 b6 9. h4 h5 10. 0-0-0 Bb7 11. Bxf6 Nxf6 12. Ne5 b5 13. g4 b4 14. cxb4 cxd4 15. exd4 Nxg4 16. Nxg4 Qc8+ 17. Kb1 Qxg4 18. Nf3 Bc8 19. Qe3 Bf5 20. Rhg1 Bxd3+ 21. Rxd3 Qe4 22. Re1 Qxe3 23. Rdxe3 e6 24. Rc3 Rab8 25. a3 Rb7 26. Rec1 Bf6 27. Rc7 Rfb8 28. R1c2 Kg7 29. Rc8 Rxc8 30. Rxc8 Be7 31. Kc2 f6 32. b5 g5 33. hxg5 fxg5 34. a4 g4 35. Ne5 Bh4 36. Nd3 Bf6 37. Nc5 Re7 38. Kd3 h4 39. a5 h3 40. Nb3 Bg5 41. Nd2 h2 42. Rc1 Rf7 43. b6 axb6 44. axb6 Rxf2 45. b7 Rxd2+ 46. Kc3 Rxb2 0-1

[Event "CZE-chT1W 0809"]
[Site "Czech Republic"]
[Date "2009.03.01"]
[Round "9.2"]
[White "Kanovsky, David"]
[Black "Prymula, Roman"]
[Result "1/2-1/2"]
[WhiteElo "2431"]
[BlackElo "2297"]
[PlyCount "91"]
[EventDate "2008.10.19"]
[EventType "team-tourn"]
[EventRounds "11"]
[EventCountry "CZE"]
[SourceTitle "EXT 2010"]
[Source "ChessBase"]
[SourceDate "2010.11.25"]
[SourceVersion "1"]
[SourceVersionDate "2010.11.25"]
[SourceQuality "1"]
[WhiteTeam "Polabiny"]
[BlackTeam "Hradec Kralove"]
[WhiteTeamCountry "CZE"]
[BlackTeamCountry "CZE"]

1. e4 c5 2. Nf3 Nc6 3. Bb5 g6 4. 0-0 Bg7 5. Re1 Nf6 6. c3 0-0 7. h3 Qb6 8. Bf1 e5 9. Na3 d5 10. d3 h6 11. exd5 Nxd5 12. Nc4 Qc7 13. a4 b6 14. Qb3 Be6 15. a5 Rab8 16. axb6 Nxb6 17. Qa3 Nd7 18. Nfd2 f5 19. Nb3 Bxc4 20. dxc4 Qb6 21. Na5 g5 22. Rd1 Nxa5 23. Qxa5 Rb7 24. Qxb6 axb6 25. g4 f4 26. Bd3 Nf6 27. Bf5 Rfb8 28. Ra6 Kf7 29. b4 Bf8 30. Ba3 e4 31. Kf1 Rc7 32. b5 Rcb7 33. Ke2 Be7 34. Bc1 Rd8 35. Rxd8 Bxd8 36. Ra8 Bc7 37. Bd2 Ke7 38. h4 Rb8 39. Ra7 Kd6 40. Ra1 Ke5 41. Ra7 Kd6 42. h5 Re8 43. Bc1 Rd8 44. Bd2 Rf8 45. Bc1 Re8 46. Bd2 1/2-1/2

[Event "CZE-chT1W 0809"]
[Site "Czech Republic"]
[Date "2009.02.15"]
[Round "8.3"]
[White "Bujnoch, Radek"]
[Black "Prymula, Roman"]
[Result "0-1"]
[WhiteElo "2233"]
[BlackElo "2297"]
[PlyCount "104"]
[EventDate "2008.10.19"]
[EventType "team-tourn"]
[EventRounds "11"]
[EventCountry "CZE"]
[SourceTitle "EXT 2010"]
[Source "ChessBase"]
[SourceDate "2010.11.25"]
[SourceVersion "1"]
[SourceVersionDate "2010.11.25"]
[SourceQuality "1"]
[WhiteTeam "Chrudim"]
[BlackTeam "Hradec Kralove"]
[WhiteTeamCountry "CZE"]
[BlackTeamCountry "CZE"]

1. e4 c5 2. c3 Qc7 3. d4 e6 4. Nf3 b6 5. Bd3 Bb7 6. 0-0 h6 7. a4 Nf6 8. Re1 a6 9. Na3 Be7 10. Ne5 d6 11. Ng4 Nbd7 12. Bf4 e5 13. dxe5 dxe5 14. Bg3 h5 15. Nxf6+ Bxf6 16. f3 h4 17. Bf2 h3 18. g3 Bg5 19. Qb3 Rd8 20. Rad1 Rh6 21. Bf1 Nb8 22. Nc4 Rxd1 23. Rxd1 Bc8 24. Be3 Bxe3+ 25. Nxe3 Be6 26. Nd5 Qc6 27. Bc4 Bd7 28. Ne3 Rf6 29. Nd5 Rd6 30. Ne3 Rxd1+ 31. Qxd1 Qxa4 32. Qxa4 Bxa4 33. Nd5 b5 34. Bf1 Bb3 35. Bxh3 Bxd5 36. exd5 Ke7 37. f4 exf4 38. gxf4 Kd6 39. Bg2 Nd7 40. Kf2 Nb6 41. Ke3 Nxd5+ 42. Ke4 f5+ 43. Kf3 Nb6 44. b3 c4 45. bxc4 bxc4 46. h4 a5 47. Ke3 a4 48. Kd2 Nd5 49. Bf1 Kc5 50. Bh3 g6 51. h5 gxh5 52. Bxf5 Nxf4 0-1